|
|
|
|
| LEADER |
01033aam a22002658a 4500 |
| 001 |
00043722 |
| 005 |
20190311080353.0 |
| 008 |
140604s2013 ||||||viesd |
| 020 |
# |
# |
|c 0
|a 978 604 902 749 9
|
| 041 |
0 |
# |
|a vie
|
| 082 |
1 |
# |
|a 390.095 978 5
|b D300S
|
| 100 |
1 |
# |
|a Trần, Ngọc Tam
|e Chủ biên
|
| 245 |
1 |
0 |
|c Trần Ngọc Tam(chue biên) Lư Văn Hội (Biên soạn)
|a Di sản văn hóa phi vật thể miệt vườn huyện Chợ Lách
|
| 260 |
# |
# |
|a Hà Nội
|b Khoa học - Xã hội
|c 2015
|
| 300 |
# |
# |
|a 207 tr.
|c 21 cm.
|
| 500 |
# |
# |
|a ĐTTS ghi: Hội văn nghệ dân gian Việt Nam
|
| 653 |
# |
# |
|a Bến Tre
|
| 653 |
# |
# |
|a Chợ Lách
|
| 653 |
# |
# |
|a Văn hóa dân gian
|
| 653 |
# |
# |
|a Văn hóa phi vật thể
|
| 700 |
1 |
# |
|e (Biên soạn)
|a Lư, Văn Hội
|
| 710 |
# |
# |
|a Hội văn nghệ dân gian Việt Nam
|
| 852 |
# |
# |
|j KD.0025611
|
| 910 |
0 |
# |
|d 11/3/2019
|
| 980 |
# |
# |
|a Trung tâm Học liệu Lê Vũ Hùng, Trường Đại học Đồng Tháp
|